Normal view
MARC view
- القدس-النزاع الاسرائيلي العربي
Entry Topical Term
001 - CONTROL NUMBER
- control field: 47720
003 - CONTROL NUMBER IDENTIFIER
- control field: JO-AjAnu
005 - DATE AND TIME OF LATEST TRANSACTION
- control field: 20230606081857.0
008 - FIXED-LENGTH DATA ELEMENTS
- fixed length control field: 230606|| aca||aabn | a|a d
040 ## - CATALOGING SOURCE
- Original cataloging agency: JO-AjAnu
- Transcribing agency: JO-AjAnu
150 ## - HEADING--TOPICAL TERM
- Topical term or geographic name entry element: القدس-النزاع الاسرائيلي العربي
670 ## - SOURCE DATA FOUND
- Source citation: Work cat.: (JO-AjAnu)24419: كنعان، عبدالله توفيق؛ تدقيق الطباعة مطر، احمد فايز؛ التصميم والاشراف الفني عليان،فراس ابراهيم, author 47719, القدس من منظور اسرائيلي: دراسة تحليلية